00389nam a2200133Ia 4500008004100000020001500041041001200056082001600068100001800084245010400102260002500206300000800231650001600239221030s9999 xx 000 0 und d a8120305086 aEnglish a105.23bTri aK. S. Trivedi 0aProbability & Statistics with Reliability, Queuing & Computer Science Applcationscby K. S. Trivedi bPHIaNew Delhic2004 a624 aBE Computer